| 000 | 00453nam a22001817a 4500 | ||
|---|---|---|---|
| 005 | 20250529150733.0 | ||
| 010 | _aENG-145059 | ||
| 020 |
_a9788193676141 _c450.00 |
||
| 035 | _aEN-128591 | ||
| 037 | _bDBAD | ||
| 082 | _a881 | ||
| 100 |
_aBharath, Gita _981442 |
||
| 245 |
_aSvara/ _cBy Bharath,Gita |
||
| 260 |
_aChennai _bAdisakrit _c2019 |
||
| 300 |
_a205p. _c23cm(pb) |
||
| 700 |
_eAuthor _956915 |
||
| 942 |
_2ddc _cEN _h881 _mBHA |
||
| 999 |
_c211442 _d211442 |
||